Human physiology : The mechanisms of body function

The new edition of this physiology text has been written to teach the functions of the human body from a mechanistic approach, and it stresses homeostatic and control systems. The mechanistic approach explains physiology as a dynamic process of chains of causal links rather than just stating facts a...

Полное описание

Сохранить в:
Библиографические подробности
Главный автор: Vander, Arthur J.
Формат:
Язык:Undetermined
Опубликовано: New York McGraw-Hill 1985
Предметы:
Метки: Добавить метку
Нет меток, Требуется 1-ая метка записи!
Thư viện lưu trữ: Trung tâm Học liệu Trường Đại học Cần Thơ
LEADER 01445nam a2200241Ia 4500
001 CTU_222396
008 210402s9999 xx 000 0 und d
082 |a 612 
082 |b V228 
100 |a Vander, Arthur J. 
245 0 |a Human physiology : 
245 4 |b The mechanisms of body function 
245 0 |c Arthur J. Vander, James H. Sherman, Dorothy S. Luciano 
260 |a New York 
260 |b McGraw-Hill 
260 |c 1985 
520 |a The new edition of this physiology text has been written to teach the functions of the human body from a mechanistic approach, and it stresses homeostatic and control systems. The mechanistic approach explains physiology as a dynamic process of chains of causal links rather than just stating facts and events. The sections on signal transduction mechanisms have been simplified, to emphasize the basic principles. Each chapter contains colour-coded flow charts which review the important material, and there are also an increased number of summary tables. The coverage of exercise physiology has been revised, as have the sections on genetics: these now include the human genome project, transcription factors and gene cloning. 
526 |a Dinh dưỡng cộng đồng 
526 |b XH823 
650 |a Human physiology,Physiology,Sinh lý con người,Sinh lý học 
904 |i Kim Tuyến 
910 |a Qhieu 
980 |a Trung tâm Học liệu Trường Đại học Cần Thơ